Receiving, dispatching, free frank & bar code marks and labels of the United Nations, its agencies & its predecessors (Record no. 2473)

000 -LEADER
fixed length control field 00987nam a22001097a 4500
008 - FIXED-LENGTH DATA ELEMENTS--GENERAL INFORMATION
fixed length control field 170814b xxu||||| |||| 00| 0 eng d
100 ## - MAIN ENTRY--AUTHOR'S NAME
Author's Name Clement, Blanton
245 ## - TITLE STATEMENT
Title Receiving, dispatching, free frank & bar code marks and labels of the United Nations, its agencies & its predecessors
260 ## - PUBLICATION, DISTRIBUTION, ETC. (IMPRINT)
Place of publication, distribution, etc. Morrisville, PA
Name of publisher, distributor, etc. United Nations Philatelists, Inc.
Date of publication, distribution, etc. 2003
650 ## - TOPICAL TERM (Tag)
Topical term or geographic name United Nations | United Nations -- Agencies | Official Mail | Free Franks | Post Office Seals and Labels | Bar Coding | Postal Markings | Covers | Postal History | Organizations, International | United Nations -- Offices in Geneva, Switzerland (1969-) | UNOG | United Nations -- Offices in New York (1951-) | UNNY | United Nations -- Offices in Vienna, Austria (1979-) | UNOV | Switzerland -- United Nations (1950-) | Switzerland -- League of Nations (1922-1944) | LON | LON-W | United Nations Postal Administration | UNPA | Food and Agriculture Organization | FAO | United Nations -- Delegations
700 ## - SECONDARY AUTHOR, EDITOR OR ILLUSTRATOR
Personal Name Mayer, Jack

No items available.

Powered by Koha